| 000 | 01896nam0a2200409 i 4500 | ||
|---|---|---|---|
| 001 | RU\NLR\bibl\1885193 | ||
| 005 | 20260406123312.0 | ||
| 010 |
_a9785904043483 _9300 |
||
| 021 |
_aRU _b2012-16482 _91239 |
||
| 035 | _a(nilc)LIBNET\0000212401 | ||
| 035 | _a(NLR Aleph) 001874934 | ||
| 090 |
_a2712031 _c2712031 |
||
| 100 | _a20120221d2011 k y0rusy50 ca | ||
| 101 | 0 | _arus | |
| 102 | _aRU | ||
| 105 | _aa ||||||||| | ||
| 200 | 1 |
_a"...Лица необщим выраженьем..." _eродственное окружение Ф.М. Достоевского _fНиколай Богданов |
|
| 210 |
_aМосква _cСтарая Басманная _d2011 |
||
| 215 |
_a352 с. _cил., портр., факс. _d22 |
||
| 320 | _aБиблиогр.: с. 305-313 и в подстроч. примеч. | ||
| 320 | _aВспом. указ.: с. 314-352 | ||
| 517 | 0 | _aРодственное окружение Ф.М. Достоевского | |
| 600 | 1 |
_aДостоевский _bФ.М. _f1821 - 1881 _gФедор Михайлович _xРодословная _9996217 _3RU\NLR\auth\66377077 |
|
| 602 |
_aДостоевские (род) _92136239 _3RU\NLR\auth\661288123 |
||
| 686 | _aШ5(2=Р)52-4Достоевский21 | ||
| 686 | _aТ214(2)0-21 | ||
| 700 | 1 |
_4070 _8rus _7ca _aБогданов _bН. Н. _cканд. мед. наук, писатель _f1962-2019 _gНиколай Николаевич _3RU\NLR\AUTH\7766446 _949374 |
|
| 702 | 1 |
_4570 _8rus _7ca _aДостоевский _bФ. М. _f1821-1881 _gФедор Михайлович _3RU\NLR\auth\77838 _9110876 |
|
| 801 | 0 |
_aRU _bГПИБ России _c20120221 _grcr |
|
| 801 | 1 |
_aRU _bГПИБ России _c20120221 _grcr _2rusmarc |
|
| 801 | 2 |
_aRU _bNLR _c20120329 _grcr |
|
| 942 | _cBOOK | ||
| 980 | _aGENEAL02 | ||
| 980 | _aNBR | ||